Регионална библиотека "Любен Каравелов" - Русе

Подбрани извори за българската история (Запис номер 75693)

MARC детайли
000 -Лидер
Контролно поле с фиксирана дължина 02154nam a2200469 a 4500
003 - Код на организацията, давaща контролен номер
Контролно поле BLK
005 - Дата и час на последна редакция
Контролно поле 20250128005458.0
008 - Елементи от данни с фиксирана дължина
fixed length control field 180408b bul|||||r ||||||| ||bul||
010 ## - Наследен системен номер
LC control number KNG00080113000
020 ## - Международен стандартен номер на книга ISBN
Международен стандартен номер на книга ISBN 978-954-378-056-3
040 ## - Източник на каталожния запис
Идентификатор на билиотеката - собственик на записа BLK
041 ## - Код за език
Код за езика на текст/звукозапис или на отделно заглавие Български
Код за езика КДБФ Български
072 #7 - Код за тематичната категория
Код организация bullib
Код за тематична категория Н92
Текст История Н
080 ## - УДК
Текстов определител УДК История на България
УДК код - определител по УДК 94(497.2)
УДК определител (093)
УДК - код + определител 94(497.2)(093)
080 ## - УДК
УДК код - определител по УДК 949.72.05/.06
УДК определител (093)
УДК - код + определител 949.72.05/.06(093)
139 ## - Редно поле
Редна дума Подбрани извори за българската история
Авторски знак Под - П 64
245 10 - Сведения за заглавието
Заглавие Подбрани извори за българската история
Подзаглавни данни Т. 1 -
Редно поле (дума) авт.-състав. на том Георги Георгиев Марков.
Том Т. 4
Заглавие на том Българската държава и българите 1947-2008
257 ## - Страна на издаване
Страна на създаване/издаване България
260 ## - Област на издателските данни
Година на издаване 2002 -
Печатница София : Алианс принт
Място на издаване, разпространение и проч. София
9 (RLIN) 209587
Име на издателя, разпространителя и проч. Тангра ТанНакРа
Издателство - префикс ISBN 978-954-378- ; 954-9942-
300 ## - Физическа характеристика
Размери/Мащаб 28 см
380 ## - Жанр
Жанр История
490 1# - СЕРИИ (Колекции)
№: серия 40
490 ## - СЕРИИ (Колекции)
Име на серия Библиотека Българска вечност
9 (RLIN) 201508
650 #0 - Допълнително описание по предмет – тема
Основно описание – тема или топоним България - история - извори
9 (RLIN) 254752
653 ## - Ключова дума – ненормативна
Ключова дума нова история
653 ## - Ключова дума – ненормативна
Ключова дума култура
653 ## - Ключова дума – ненормативна
Ключова дума образование
653 ## - Ключова дума – ненормативна
Ключова дума политика
659 ## - Тематичен бюлетин
Тематичен бюлетин Н
700 1# - Други автори (авторска отговорност)
Лично име Марков, Георги Георгиев
Автороска отговорност (Описва отношението между автора и произведението) авт.-състав. на том
9 (RLIN) 364352
760 1# - Описание на основната серия
Място на издаване, издател и година Тангра ТанНакРа, 2009
Свързани части Кн. 2. 1947-2008.
Страници - том 407 с. : с цв. ил., портр.
Забележка - том В кн. сер. загл. Българска вечност. - Именен показалец, азб. показалец на писмените извори , темат. показалец. - Библиогр. с. 393-396.
Заглавие Т. 4 Българската държава и българите 1947-2008
852 ## - Местоположение
Форматна сигнатура Цб ІІ 12506
Фондова буква Хранилище
856 4# - Електронен адрес и достъп
Електронен формат pdf - файл
856 4# - Електронен адрес и достъп
Електронен формат pdf - файл
999 ## - СИСТЕМНИ КОНТРОЛНИ НОМЕРА
Koha biblionumber 75693
Koha biblioitemnumber 75693
942 ## - АРТИКУЛИ
Вид на библиотечния материал Книги
Скрит в OPAC Не
Периодичен библиозапис Да
Koha issues (borrowed), all copies 1
944 ## - СЪЗДАВАНЕ И РЕДАКЦИЯ на ЗАПИСА
Създаване/Редакция Създаване
Дата на регистрацията/редакция 27.10.2011
Служител, извършил регистрацията/редакцията
Статус, дата на статуса CRON CRON
944 ## - СЪЗДАВАНЕ И РЕДАКЦИЯ на ЗАПИСА
Създаване/Редакция Редакция
Дата на регистрацията/редакция 12.05.2014
999 ## - СИСТЕМНИ КОНТРОЛНИ НОМЕРА
Koha biblioitemnumber 75693
999 ## - СИСТЕМНИ КОНТРОЛНИ НОМЕРА
Koha biblioitemnumber 75693
999 ## - СИСТЕМНИ КОНТРОЛНИ НОМЕРА
Koha biblioitemnumber 75693
999 ## - СИСТЕМНИ КОНТРОЛНИ НОМЕРА
Koha biblioitemnumber 75693
Наличности
Код за отписване Код за изгубен артикул Източник на класификационната схема Код за повреда Коз за рестрикции Код за отдаване Артикулен № Име на библиотеката - собственик Име на библиотеката, в която се намира в момента Статус (Текущо местоположение) Дата на вписване в системата Местоположение - отдел Цена в лева Инвентарен номер Систематично азбучна сигнатура Баркод Номер на екземпляра Цена в евро Служебна бележка Служебен тип на артикула
  Не е изгубен Universal Decimal Classification Не е повреден само за читалня ползва се в читалня 122906 Регионална библиотека "Любен Каравелов" Русе Регионална библиотека "Любен Каравелов" Русе Хранилище 2011-10-24 Хранилище 30.00 120000753894 Цб ІІ 12506 120000753894 1 15.34 Дост: Dp Вид: Д N: 11 Дата: 14.03.2011 Книги
  Не е изгубен Universal Decimal Classification Не е повреден   заемане за дома 694504 Регионална библиотека "Любен Каравелов" Русе Регионална библиотека "Любен Каравелов" Русе Читалня 2019-03-26 Читалня 19.20   94(497.2)/П 64 120000830949   9.82   Книги
Vip Innovations Ltd, Rousse, Bulgaria 2025